000 00690nam a22002177a 4500
999 _c19226
_d19226
003 AR-CdUCM
008 190516b ||||| |||| 00| 0 spa d
040 _aMUNICIPALIDAD PROVINCIAL DEL CUSCO
_cBIBLIOTECA MUNICIPAL DEL CUSCO
082 _a711.5 /
_bM93
110 _aMunicipalidad del Qosqo
_96414
245 _aQosqo, piedra y agua /
260 _aQosqo :
_bMunicipalidad del Qosqo,
_c1992.
300 _a17 paginas ;
_bIlustraciones,
_c21 cm.
505 _aContenido : Phaqchas
650 _aCusco
_9772
650 _aPilteas del cusco
_940439
650 _aPhaqchas del Cusco
_940440
710 _aMunicipalidad del Qosqo
_96414
942 _2ddc
_cLIBROS
945 _awnts
_d2019-05-16